000 00618nam a2200193Ia 4500
005 20260114185825.0
008 008 260114s9999 xx 000 0 eng d
020 _a9780755694846
037 _aEBOOK
040 _aCRL
_beng
_cCRL
041 _aeng
_2eng
084 _qCRL
100 _aStephanie Hemelryk Donald and Christoph Lindner
_9874844
245 0 _aInert Cities Globalization, Mobility and Suspension in Visual Culture
260 _bBloomsbury
_c2014
856 _uhttps://doi.org/10.5040/9780755694846?locatt=label:secondary_bloomsburyCollections
942 _cEBOOK
999 _c1473778
_d1473778